[Event "Moia op 8th"]
[Site "Moia"]
[Date "2019.10.18"]
[Round "3.13"]
[White "Clavel Oliveras, Guillem"]
[Black "Barcons Rovira, Jordi"]
[Result "1-0"]
[WhiteElo "1798"]
[BlackElo "1522"]
[PlyCount "79"]
[EventDate "2019.09.20"]
[EventType "swiss"]
[EventRounds "8"]
[EventCountry "ESP"]
[SourceTitle "EXT 2024"]
[Source "ChessBase"]
[SourceDate "2023.10.10"]
[SourceVersion "1"]
[SourceVersionDate "2023.10.10"]
[SourceQuality "1"]

1. e4 c5 2. Nf3 Nc6 3. d4 cxd4 4. Nxd4 d6 5. Nc3 Nf6 6. Bg5 g6 7. Bxf6 exf6 8. Qd2 Bg7 9. 0-0-0 0-0 10. Nxc6 bxc6 11. Qxd6 Qb6 12. Qd4 f5 13. Qxb6 axb6 14. exf5 Bxf5 15. Bc4 Rfe8 16. Rhe1 b5 17. Bb3 Bxc3 18. bxc3 c5 19. c4 b4 20. h3 Rad8 21. g4 Rxe1 22. Rxe1 Be6 23. Re5 Rc8 24. Kb2 Kf8 25. c3 bxc3+ 26. Kxc3 Ke7 27. f4 h6 28. Bc2 Ra8 29. a4 Ra5 30. Bxg6 fxg6 31. f5 gxf5 32. gxf5 Kf6 33. Rxe6+ Kxf5 34. Rxh6 Rxa4 35. Rh5+ Ke4 36. Rxc5 Ra3+ 37. Kb4 Rxh3 38. Rd5 Rh1 39. Kb5 Rc1 40. Rd2 1-0

[Event "Moia op 6th"]
[Site "Moia"]
[Date "2017.10.27"]
[Round "5"]
[White "Anton Valls, Miquel"]
[Black "Barcons Rovira, Jordi"]
[Result "0-1"]
[WhiteElo "1152"]
[BlackElo "1595"]
[PlyCount "52"]
[EventDate "2017.09.22"]
[EventType "swiss"]
[EventRounds "8"]
[EventCountry "ESP"]
[SourceTitle "CBM 189 Extra"]
[Source "ChessBase"]
[SourceDate "2019.06.03"]
[SourceVersion "1"]
[SourceVersionDate "2019.06.03"]
[SourceQuality "1"]

1. b3 e5 2. Bb2 Nc6 3. e3 d5 4. Bb5 Nge7 5. f4 a6 6. Bxc6+ Nxc6 7. fxe5 Qh4+ 8. g3 Qe4 9. Nf3 Bg4 10. Rf1 d4 11. Ng5 Bxd1 12. Nxe4 Bxc2 13. Ng5 dxe3 14. dxe3 Bg6 15. Nd2 h6 16. Nge4 0-0-0 17. 0-0-0 Bb4 18. Nc3 Nxe5 19. a3 Nd3+ 20. Kb1 Bxc3 21. Bxc3 Nf2+ 22. Kc1 Nxd1 23. Kxd1 f6 24. Kc1 Rhe8 25. Nc4 Rd3 26. Kc2 Rdxe3+ 0-1

[Event "Vall del Tenes op 6th"]
[Site "Santa Eulalia de Roncana"]
[Date "2017.04.21"]
[Round "1"]
[White "Centelles Vivas, Aleix"]
[Black "Barcons Rovira, Jordi"]
[Result "1-0"]
[WhiteElo "1847"]
[BlackElo "1575"]
[PlyCount "95"]
[EventDate "2017.04.21"]
[EventType "swiss"]
[EventRounds "8"]
[EventCountry "ESP"]
[SourceTitle "CBM 189 Extra"]
[Source "ChessBase"]
[SourceDate "2019.06.03"]
[SourceVersion "1"]
[SourceVersionDate "2019.06.03"]
[SourceQuality "1"]

1. Nf3 Nc6 2. g3 g6 3. Bg2 Bg7 4. c4 Nf6 5. d4 d5 6. cxd5 Nxd5 7. 0-0 0-0 8. Nc3 e6 9. e4 Nde7 10. Be3 Nb8 11. Qd2 Nd7 12. e5 Nf5 13. Bg5 f6 14. exf6 Bxf6 15. Ne4 Bxg5 16. Nexg5 Nb6 17. Rfe1 Qf6 18. Ne4 Qd8 19. Nc5 Re8 20. Rad1 c6 21. g4 Nh4 22. Qh6 Nxf3+ 23. Bxf3 Qf6 24. Re3 Nc4 25. Ne4 Qg7 26. Qxg7+ Kxg7 27. Re2 e5 28. b3 Nb6 29. Nd2 Nd5 30. Rc1 Nf4 31. Re4 Nh3+ 32. Kg2 Ng5 33. Rxe5 Rxe5 34. dxe5 Nxf3 35. Kxf3 Be6 36. h3 Rd8 37. Nc4 Rd3+ 38. Ne3 Rd2 39. Rc2 Rxc2 40. Nxc2 g5 41. Ne3 b5 42. Nf5+ Kf7 43. Ke3 a5 44. Kd4 a4 45. bxa4 bxa4 46. a3 Bd5 47. Ne3 Bf3 48. Nf5 1-0

[Event "Roncana op-B 10th"]
[Site "Santa Eulalia de Roncana"]
[Date "2016.10.15"]
[Round "4"]
[White "Barcons Rovira, Jordi"]
[Black "Homs Jimenez, Pau"]
[Result "1-0"]
[WhiteElo "1819"]
[BlackElo "1424"]
[PlyCount "103"]
[EventDate "2016.09.24"]
[EventType "swiss"]
[EventRounds "8"]
[EventCountry "ESP"]
[SourceTitle "EXT 2018"]
[Source "ChessBase"]
[SourceDate "2017.10.13"]
[SourceVersion "1"]
[SourceVersionDate "2017.10.13"]
[SourceQuality "1"]

1. e4 c5 2. Nf3 d6 3. d4 cxd4 4. Nxd4 Nf6 5. Nc3 a6 6. Bc4 e6 7. Bg5 Be7 8. Bb3 0-0 9. 0-0 b5 10. Nf3 b4 11. Bxf6 Bxf6 12. Na4 Bb7 13. Qe2 Nc6 14. Rfd1 Qc7 15. Rac1 Na5 16. h3 Nxb3 17. cxb3 Qe7 18. Rc2 Rac8 19. Rcd2 d5 20. e5 Bg5 21. Nxg5 Qxg5 22. Rd4 Rc1 23. Rxb4 Rxd1+ 24. Qxd1 Ba8 25. Qe2 d4 26. Qg4 Qxg4 27. hxg4 Rd8 28. f3 Bc6 29. Nc5 d3 30. Nxd3 Bb5 31. Nc5 h6 32. a4 Be2 33. Rb6 Rd1+ 34. Kh2 Rd2 35. Kg3 g5 36. Nxa6 Bf1 37. f4 Rxg2+ 38. Kf3 gxf4 39. Kxf4 Rxb2 40. Nc5 Rf2+ 41. Kg3 Rg2+ 42. Kf3 Rc2 43. Nd7 Kg7 44. a5 Be2+ 45. Kg3 Rc3+ 46. Kf2 Bxg4 47. a6 Bf3 48. a7 h5 49. Nf6 h4 50. Ng4 Kg6 51. Rb8 Kf5 52. Ne3+ 1-0

[Event "Roncana op-B 10th"]
[Site "Santa Eulalia de Roncana"]
[Date "2016.10.08"]
[Round "3"]
[White "Carvajal Rodriguez, Juan"]
[Black "Barcons Rovira, Jordi"]
[Result "0-1"]
[WhiteElo "1441"]
[BlackElo "1819"]
[PlyCount "100"]
[EventDate "2016.09.24"]
[EventType "swiss"]
[EventRounds "8"]
[EventCountry "ESP"]
[SourceTitle "EXT 2018"]
[Source "ChessBase"]
[SourceDate "2017.10.13"]
[SourceVersion "1"]
[SourceVersionDate "2017.10.13"]
[SourceQuality "1"]

1. e4 c5 2. Nf3 d6 3. d4 cxd4 4. Nxd4 g6 5. Bg5 Bg7 6. Bc4 Nc6 7. c3 Qa5 8. Be3 Nf6 9. Nb3 Qd8 10. N1d2 0-0 11. 0-0 Ne5 12. Be2 Bd7 13. f4 Neg4 14. Bd4 e5 15. fxe5 dxe5 16. Bc5 Re8 17. h3 b6 18. Bd6 Ne3 19. Qc1 Nxf1 20. Qxf1 Bxh3 21. Nc4 Be6 22. Rd1 Qc8 23. Nxe5 Nd7 24. Ng4 Bf8 25. Bxf8 Rxf8 26. Nd4 Nc5 27. Nf6+ Kg7 28. e5 Bxa2 29. Qf4 Ne6 30. Qh4 Rh8 31. Qg3 Nxd4 32. Rxd4 Be6 33. Rh4 Qc5+ 34. Kh2 h6 35. Bf3 Rad8 36. Nh5+ Kf8 37. Nf6 a5 38. Ne4 Qb5 39. Rf4 Kg7 40. Nd6 Qxb2 41. Bg4 Rxd6 42. exd6 Bxg4 43. Qxg4 Qxc3 44. Rd4 Qe1 45. d7 Rd8 46. Re4 Qc3 47. Re8 Qc7+ 48. Kh3 Rxd7 49. Re2 Rd3+ 50. Kh4 Qh2+ 0-1

[Event "Vall del Tenes op 5th"]
[Site "Vall del Tenes"]
[Date "2016.05.13"]
[Round "6"]
[White "Barcons Rovira, Jordi"]
[Black "Barea Serra, Josep"]
[Result "1/2-1/2"]
[WhiteElo "1798"]
[BlackElo "1912"]
[PlyCount "36"]
[EventDate "2016.04.08"]
[EventType "swiss"]
[EventRounds "8"]
[EventCountry "ESP"]
[SourceTitle "CBM 172 Extra"]
[Source "ChessBase"]
[SourceDate "2016.06.21"]
[SourceVersion "1"]
[SourceVersionDate "2016.06.21"]
[SourceQuality "1"]

1. e4 Nf6 2. Nc3 d5 3. e5 d4 4. exf6 dxc3 5. fxg7 cxd2+ 6. Qxd2 Qxd2+ 7. Bxd2 Bxg7 8. 0-0-0 Bf5 9. Nf3 Nd7 10. Bc4 Nb6 11. Bb3 0-0 12. Rhe1 e6 13. h3 h6 14. Bf4 c5 15. a3 c4 16. Ba2 Nd5 17. Be5 Rac8 18. Bxg7 Kxg7 1/2-1/2

[Event "Roncana op-B 9th"]
[Site "Santa Eulalia de Roncana"]
[Date "2015.11.21"]
[Round "7"]
[White "Razzouki Maturana, Ismael"]
[Black "Barcons Rovira, Jordi"]
[Result "0-1"]
[WhiteElo "1710"]
[BlackElo "1765"]
[PlyCount "50"]
[EventDate "2015.10.03"]
[EventType "swiss"]
[EventRounds "8"]
[EventCountry "ESP"]
[SourceTitle "EXT 2017"]
[Source "ChessBase"]
[SourceDate "2016.10.25"]
[SourceVersion "1"]
[SourceVersionDate "2016.10.25"]
[SourceQuality "1"]

1. e4 e5 2. Nf3 Nc6 3. d4 exd4 4. Nxd4 Bc5 5. Be3 Qf6 6. c3 Nge7 7. Bb5 Nxd4 8. Bxd4 Bxd4 9. Qxd4 Qxd4 10. cxd4 c6 11. Ba4 d5 12. e5 Nf5 13. 0-0 Nxd4 14. Re1 0-0 15. Nc3 Bf5 16. Rac1 Ne6 17. Bc2 Bxc2 18. Rxc2 Rfe8 19. g3 Nd4 20. Nxd5 Nxc2 21. Re2 cxd5 22. Rxc2 Rxe5 23. Rc5 Rd8 24. Rc7 d4 25. Rc2 d3 0-1

[Event "Moia op 4th"]
[Site "Moia"]
[Date "2015.09.25"]
[Round "2"]
[White "Clavel Oliveras, Guillem"]
[Black "Barcons Rovira, Jordi"]
[Result "1-0"]
[WhiteElo "1853"]
[BlackElo "1730"]
[PlyCount "84"]
[EventDate "2015.09.18"]
[EventType "swiss"]
[EventRounds "8"]
[EventCountry "ESP"]
[SourceTitle "EXT 2017"]
[Source "ChessBase"]
[SourceDate "2016.10.25"]
[SourceVersion "1"]
[SourceVersionDate "2016.10.25"]
[SourceQuality "1"]

1. d4 d5 2. c4 e6 3. Nc3 Nf6 4. Bf4 Bd6 5. Bxd6 Qxd6 6. e3 dxc4 7. Bxc4 Qb4 8. Qa4+ Nc6 9. Qxb4 Nxb4 10. Rc1 c6 11. a3 Nbd5 12. Bxd5 exd5 13. Nf3 0-0 14. 0-0 Nd7 15. e4 dxe4 16. Nxe4 Nb6 17. Rfe1 Be6 18. Nc5 Bd5 19. Nd2 Nc8 20. Re3 Nd6 21. g4 f5 22. Rg3 Nb5 23. Ndb3 fxg4 24. Rxg4 Rf5 25. Re1 Raf8 26. Re7 g6 27. f4 Rxf4 28. Rxf4 Rxf4 29. Rxb7 Nxd4 30. Nxd4 Rxd4 31. Nb3 Rg4+ 32. Kf1 Rg2 33. Nc5 Rxh2 34. a4 a6 35. Nxa6 Bc4+ 36. Kg1 Bxa6 37. Rb8+ Kg7 38. Kxh2 Bc4 39. a5 h5 40. Rb6 Bd5 41. b4 Kf6 42. a6 h4 1-0

[Event "Vall del Tenes op 4th"]
[Site "Santa Eulalia de Roncana"]
[Date "2015.05.15"]
[Round "5"]
[White "Rodriguez Lloret, Ricard"]
[Black "Barcons Rovira, Jordi"]
[Result "0-1"]
[WhiteElo "1692"]
[BlackElo "1711"]
[PlyCount "63"]
[EventDate "2015.04.10"]
[EventType "swiss"]
[EventRounds "8"]
[EventCountry "ESP"]
[SourceTitle "CBM 166 Extra"]
[Source "ChessBase"]
[SourceDate "2015.06.18"]
[SourceVersion "1"]
[SourceVersionDate "2015.06.18"]
[SourceQuality "1"]

1. e4 e5 2. Nf3 Nc6 3. c3 Nf6 4. d3 Bc5 5. h3 0-0 6. Qe2 d5 7. exd5 Qxd5 8. Be3 Bxe3 9. Qxe3 Rd8 10. g4 e4 11. Nd4 Nxd4 12. Qxd4 exd3 13. Nd2 Qe6+ 14. Qe3 Qc6 15. Rg1 Re8 16. Rg3 Rxe3+ 17. Rxe3 Be6 18. 0-0-0 Qa4 19. Rxd3 Qxa2 20. Nb1 g6 21. Bg2 c6 22. g5 Nd5 23. Rf3 Bf5 24. Rxf5 gxf5 25. h4 Qc4 26. Re1 Nf4 27. Bf3 Ng6 28. h5 Qf4+ 29. Re3 Nh4 30. g6 fxg6 31. hxg6 hxg6 32. Bh5 0-1

[Event "Roncana op-B 8th"]
[Site "Santa Eulalia de Roncana"]
[Date "2014.10.18"]
[Round "2"]
[White "Prats Safont, Sergi"]
[Black "Barcons Rovira, Jordi"]
[Result "1-0"]
[WhiteElo "1913"]
[BlackElo "1700"]
[PlyCount "95"]
[EventDate "2014.10.11"]
[EventType "swiss"]
[EventRounds "8"]
[EventCountry "ESP"]
[SourceTitle "EXT 2016"]
[Source "ChessBase"]
[SourceDate "2015.10.08"]
[SourceVersion "1"]
[SourceVersionDate "2015.10.08"]
[SourceQuality "1"]

1. e4 Nf6 2. e5 Nd5 3. d4 d6 4. c4 Nb6 5. exd6 cxd6 6. Nf3 Bf5 7. Nc3 e6 8. Be3 d5 9. c5 N6d7 10. Bf4 a6 11. Be2 Be7 12. 0-0 0-0 13. Bd3 Bxd3 14. Qxd3 Nc6 15. Rfe1 Bf6 16. Bd6 Be7 17. Bxe7 Qxe7 18. a3 Qf6 19. Re2 Rfe8 20. Rae1 Rac8 21. Ne5 Ndxe5 22. dxe5 Qg5 23. Na4 Red8 24. Nb6 Qg6 25. Rd2 Qxd3 26. Rxd3 Rc7 27. b4 Ne7 28. g4 Ng6 29. Nc4 Nf4 30. Rd4 g5 31. Nd6 h6 32. f3 Kg7 33. Kf2 Kg6 34. h4 f6 35. h5+ Kg7 36. exf6+ Kxf6 37. Kg3 Re7 38. Re3 b6 39. Re1 e5 40. Rdd1 bxc5 41. bxc5 Rc7 42. Nf5 Rh8 43. Rb1 Rxc5 44. Rb6+ Kf7 45. Nxh6+ Kg7 46. Nf5+ Kg8 47. Rxe5 Rc8 48. Ne7+ 1-0

[Event "Moia op 3rd"]
[Site "Moia"]
[Date "2014.10.17"]
[Round "5"]
[White "Barcons Rovira, Jordi"]
[Black "Perez Ronquillo, Santi"]
[Result "1-0"]
[WhiteElo "1700"]
[BlackElo "1711"]
[PlyCount "87"]
[EventDate "2014.09.19"]
[EventType "swiss"]
[EventRounds "8"]
[EventCountry "ESP"]
[SourceTitle "EXT 2016"]
[Source "ChessBase"]
[SourceDate "2015.10.08"]
[SourceVersion "1"]
[SourceVersionDate "2015.10.08"]
[SourceQuality "1"]

1. d4 Nf6 2. Nc3 d5 3. Bf4 e6 4. Nf3 Be7 5. e3 Nc6 6. Nb5 Bb4+ 7. c3 Ba5 8. Ne5 Bd7 9. Bd3 a6 10. Na3 0-0 11. 0-0 Ne7 12. c4 Bb6 13. c5 Ba7 14. Qb3 Rb8 15. Qc2 Nf5 16. Bg5 Bc6 17. Bxa6 Qe8 18. Bd3 Ne4 19. Bxe4 dxe4 20. Nxc6 Qxc6 21. Bf4 Rbd8 22. Nc4 f6 23. Nd2 b6 24. Qxe4 Qxe4 25. Nxe4 Rd5 26. Bxc7 bxc5 27. dxc5 Bxc5 28. Nxc5 Rxc5 29. Rac1 Rxc1 30. Rxc1 Rc8 31. Rc3 Ne7 32. Ba5 Ra8 33. b4 Nd5 34. Rc2 f5 35. g3 Kf7 36. Rb2 Kf6 37. Kg2 g5 38. h3 Ke5 39. f4+ gxf4 40. gxf4+ Ke4 41. Kg3 Rg8+ 42. Kf2 Nc3 43. Rd2 Rg6 44. Rd4# 1-0